| 000 | 00506nam a2200205Ia 4500 | ||
|---|---|---|---|
| 005 | 20240823012424.0 | ||
| 008 | 240823s9999||||xx |||||||||||||| ||und|| | ||
| 020 | _a81-7808-057-5 | ||
| 041 | _aENGLISH | ||
| 082 | _A650.0285 P2 | ||
| 100 | _aRavi Kalakota | ||
| 245 | 0 | _aFrontiers of Electronic Commerce | |
| 250 | _a1st | ||
| 260 |
_c2002 _b"Pearson Education," |
||
| 500 | _aYes | ||
| 650 |
_aE commerce _bManagement Studies |
||
| 700 | _a" Whinston,Andrew B" | ||
| 942 | _cBK | ||
| 999 |
_c164361 _d164361 |
||